Library of the University of Algiers 3
Ibrahim Sultan Cheibout
شعار جامعة الجزائر 3
مكتبة جامعة الجزائر 3
إبراهيم سلطان شيبوط

أساسيات الرياضة للتجاريين (ك1) (ج2) / (رقم التسجيلة. 46357)

تفاصيل مارك
000 -LEADER
fixed length control field 01550nam a2200241Ia 4500
003 - CONTROL NUMBER IDENTIFIER
control field Ost
005 - DATE AND TIME OF LATEST TRANSACTION
control field 20260507075804.0
008 - FIXED-LENGTH DATA ELEMENTS--GENERAL INFORMATION
fixed length control field 260507s9999||||xx |||||||||||||| ||und||
020 ## - INTERNATIONAL STANDARD BOOK NUMBER
International Standard Book Number 9772230313
040 ## - CATALOGING SOURCE
Transcribing agency fsecg
041 ## - LANGUAGE CODE
Language code of text/sound track or separate title ara
082 ## - DEWEY DECIMAL CLASSIFICATION NUMBER
Classification number 332.3
100 ## - MAIN ENTRY--PERSONAL NAME
Personal name المنصوري;عز، عادل عبد الحميد ;عمار، منى محمد أحمد ;عبد الباري، محمد وحيد، محمد توفيق
Relator term مؤلف
245 #0 - TITLE STATEMENT
Title أساسيات الرياضة للتجاريين (ك1) (ج2) /
Statement of responsibility, etc. المنصوري
260 ## - PUBLICATION, DISTRIBUTION, ETC.
Place of publication, distribution, etc. القاهرة :
Name of publisher, distributor, etc. كلية التجارة,
Date of publication, distribution, etc. (د.ت)
300 ## - PHYSICAL DESCRIPTION
Extent 301 صفحة؛
Other physical details إيضاحات ؛
Dimensions 24 سم
504 ## - BIBLIOGRAPHY, ETC. NOTE
Bibliography, etc. note ملاحق 284ص.
520 ## - SUMMARY, ETC.
Summary, etc. الفائدة البسيطة و الجملة ، الخصم و القيمة الحالية ، تسوية الديون قصيرة الأجل ، القروض قصيرة الاجل و طرق سدادها ، حسابات التوفير ، الجملة بالفائدة المركبة ، القيمة الحالية و الخصم ، تسوية الديون ، القيمة الحالية للدفعات الدائمة ، القيمة الحالية للدفعات المؤقتة ،التكلفة الرأسمالية ، سداد القروض على أقساط متساوية ، سداد القروض على أقساط متساوية خلال فترات القرض ، تقييم السندات ، سداد القروض السنوية.
653 ## - INDEX TERM--UNCONTROLLED
Uncontrolled term الديون
653 ## - INDEX TERM--UNCONTROLLED
Uncontrolled term السندات
653 ## - INDEX TERM--UNCONTROLLED
Uncontrolled term القروض
942 ## - ADDED ENTRY ELEMENTS (KOHA)
Koha item type كتب
المقتنيات
Withdrawn status Lost status Source of classification or shelving scheme Damaged status Not for loan Home library Current library Date acquired Serial enumeration / chronology Inventory number Total checkouts Full call number Barcode Date last seen Price effective from Koha item type
    Library of Congress Classification   NOT LOAN / إعارة داخلية مكتبة كلية العلوم الإقتصادية والعلوم التجارية وعلوم التسيير مكتبة كلية العلوم الإقتصادية والعلوم التجارية وعلوم التسيير 07/05/2026 الطابق الأرضي 1649/1/2/1   1649ك1ج2ن1 1649/1/2/1 07/05/2026 07/05/2026 كتب

موارد الويب المفتوحة


© University of Algiers 3 All Rights Reserved
|
Implemented by LECHELAH Riad